000 00485nam a2200169 i 4500
001 57738
003 ES-MaACL
005 20230906163633.0
007 t|
008 031017s1966 fr ||||1| spa d
100 1 _aDraper, Theodore.
_945591
245 1 4 _aLos orĂ­genes de la crisis dominicana /
_cpor Theodore Draper.
260 _aParis :
_b[s.n.,
_c1966]
300 _a34 p. ;
_c21 cm.
500 _aSuplemento de la revistas "Cuadernos"
852 _aES-MaACL
_j2052-F-10
_bR.60704
999 _c57738
_d57738